Muzej knigi : putevoditel´ /

Uložené v:
Podrobná bibliografia
Ďalší autori: Petrova, L. N. (Compiler), Juniverg, L. I. (Compiler)
Médium: Kniha
Jazyk:Russian
Vydané: Moskva : Gosudarstvennaja biblioteka SSSR imeni V. I. Lenina, [1983]
Vydanie:1. vyd.
ISBN: (brož.)
Fyzický popis: 136 s.
Tagy: Pridať tag
Žiadne tagy, Buďte prvý kto otaguje tento záznam!

MARC

LEADER 00000nam a2200000 a 4500
001 000264792
005 20060803181842.0
008 060803s1983 ru e 000 0 ruso
020 |a (brož.) 
040 |a SVKKK  |b slo  |c SVKKK  |e AACR2 
041 0 |a rus 
044 |a ru  |c RU 
245 0 0 |a Muzej knigi :  |b putevoditel´ /  |c sost. L. N. Petrova, L. I. Juniverg 
250 |a 1. vyd. 
260 |a Moskva :  |b Gosudarstvennaja biblioteka SSSR imeni V. I. Lenina,  |c [1983] 
300 |a 136 s. 
700 1 |a Petrova, L. N.  |4 com 
700 1 |a Juniverg, L. I.  |4 com 
998 |a BK 
090 |g SCKHL  |k Sklad Pribinova 2. posch.  |a II.332492  |j 803456  |i B58849  |s Absenčne